| 000 | 00595nam a2200217Ia 4500 | ||
|---|---|---|---|
| 999 |
_c55157 _d55157 |
||
| 003 | GCL | ||
| 005 | 20240530105339.0 | ||
| 008 | 140319s9999 xx 000 0 ara d | ||
| 040 |
_aGCL / _cGCL |
||
| 082 | 0 | 4 |
_a962.401 _bم ت |
| 100 | 1 | _aمحمد ابراهيم بكر | |
| 245 | 1 | 0 |
_aتاريخ السودان القديم / _cمحمد ابراهيم بكر |
| 260 |
_a[S.N] : _bدار المعارف ، _c1987 |
||
| 300 | _a283 ص | ||
| 650 | 0 | 4 | _aمصر |
| 650 | 0 | 4 | _aتاريخ |
| 650 | 0 | 4 | _aالسودان |
| 650 | 0 | 4 | _aالحضارة |
| 650 | 0 | 4 | _aالاثار |
| 942 |
_2ddc _cBK |
||